Dinámica de sistemas: modelos
Salvato in:
| Autori principali: | , |
|---|---|
| Natura: | Libro |
| Lingua: | spagnolo |
| Pubblicazione: |
Madrid
Alianza
1986
|
| Serie: | El libro de Bolsillo, 1184
|
| Soggetti: | |
| Tags: |
Aggiungi Tag
Nessun Tag, puoi essere il primo ad aggiungerne!!
|
MARC
| LEADER | 00000nam a2200000 a 4500 | ||
|---|---|---|---|
| 001 | UCV4271 | ||
| 003 | CL-VaPUC | ||
| 008 | 910319e19860000SP |||||||||||||||||spa|d | ||
| 082 | 0 | 4 | |a 515.35 |b MAR |2 21 |
| 100 | |a Martínez, Silvio |e autor |9 298571 | ||
| 700 | 0 | |a Requena, Alberto |e author |9 298572 | |
| 245 | 1 | 0 | |a Dinámica de sistemas: modelos |
| 300 | |a 2 v | ||
| 942 | |c BK | ||
| 945 | |d 19910319 00:00:00 |a mfernand | ||
| 260 | |a Madrid |b Alianza |c 1986 | ||
| 650 | 0 | |a Sistemas dinámicos |9 260496 | |
| 650 | 7 | |a METODOS DE SIMULACION |2 CL-VaPUC |9 260497 | |
| 583 | |a last modification |c 19910319 00:00:00 |k Rodrigo Vera | ||
| 490 | 0 | |a El libro de Bolsillo, 1184 | |
| 999 | |c 211190 |d 211188 | ||